Zmeny v sadzobníku pokút v sociálnom poistení
Pri neplnení či porušení povinností voči Sociálnej poisťovni v súlade so zákonom o sociálnom poistení môže Sociálna poisťovňa udeliť právnickým a fyzickým osobám pokutu. Pri ukladaní pokuty sa zohľadňuje závažnosť porušenia povinnosti. Sadzobník pokút schvaľuje generálny riaditeľ Sociálnej poisťovne...
Uložené v:
| Hlavný autor: | |
|---|---|
| Médium: | Kapitola |
| Jazyk: | Slovak |
| Predmet: | |
| Tagy: |
Žiadne tagy, Buďte prvý, kto otaguje tento záznam!
|
MARC
| LEADER | 00000naa a2200000 4500 | ||
|---|---|---|---|
| 001 | 0248799 | ||
| 005 | 20181112142117.5 | ||
| 041 | 0 | |a slo | |
| 044 | |a SK | ||
| 245 | 1 | 0 | |a Zmeny v sadzobníku pokút v sociálnom poistení |c Katarína Danajovičová |
| 520 | |a Pri neplnení či porušení povinností voči Sociálnej poisťovni v súlade so zákonom o sociálnom poistení môže Sociálna poisťovňa udeliť právnickým a fyzickým osobám pokutu. Pri ukladaní pokuty sa zohľadňuje závažnosť porušenia povinnosti. Sadzobník pokút schvaľuje generálny riaditeľ Sociálnej poisťovne. S platnosťou od 1. augusta 2018 sa zmenil sadzobník pokút. Niektoré pokuty ostali nezmenené, niektoré sa niekoľkonásobne zvýšili. | ||
| 610 | 2 | 0 | |a poistenie sociálne |
| 610 | 2 | 0 | |a pokuty |
| 610 | 2 | 0 | |a osoby právnické |
| 610 | 2 | 0 | |a osoby fyzické |
| 610 | 2 | 0 | |a poisťovne sociálne |
| 610 | 2 | 0 | |a legislatíva |
| 100 | 1 | |a Danajovičová, Katarína | |